000 00579nam a2200193Ia 4500
008 151121s9999||||xx |||||||||||||| ||und||
082 _a834/घोष
082 _bHNW-8064
100 _aघोष गि।
245 _aनारीरत्नमाला - 1
260 _bपंडित श्यामलाल नेहरू
260 _c--
300 _a104
600 _aघोष गि।
630 _aनारीरत्नमाला - 1
700 _aघोष गि।
730 _aनारीरत्नमाला - 1
942 _cBOOK
999 _c1214630
_d1214627